00290nam a22001217a 4500003000400000005001700004008004100021020001800062040000600080082001200086245006200098260000800160OSt20231211154144.0231211b |||||||| |||| 00| 0 eng d a9780367270018 c  a671/TOT aHandbook of metallurgical process designcTotten,George E bcrc